| 000 | 00396 a2200133 4500 | ||
|---|---|---|---|
| 001 | ART_2705 | ||
| 005 | 20260410161709.0 | ||
| 008 | 260409a | ||
| 245 | 1 | 0 | _aUna revolución (no tan) silenciosa |
| 100 | 1 | _aBisang, Roberto | |
| 700 | 1 | _aAnlló, Guillermo | |
| 700 | 1 | _aCampi, Mercedes | |
| 773 | 0 |
_tDesarrollo económico _g- Vol. 48, Nº 190/191 (jul./dic. 2008) _wREV1174 |
|
| 999 |
_c15923 _d15923 |
||